<?xml version="1.0" encoding="UTF-8"?>
<record
    xmlns:xsi="http://www.w3.org/2001/XMLSchema-instance"
    xsi:schemaLocation="http://www.loc.gov/MARC21/slim http://www.loc.gov/standards/marcxml/schema/MARC21slim.xsd"
    xmlns="http://www.loc.gov/MARC21/slim">

  <leader>01725nam a22002417a 4500</leader>
  <controlfield tag="003">DO-SdBJH</controlfield>
  <controlfield tag="005">20250328125704.0</controlfield>
  <controlfield tag="008">250328b        |||||||| |||| 00| 0 spa d</controlfield>
  <datafield tag="040" ind1=" " ind2=" ">
    <subfield code="a">DO-SdBJH</subfield>
    <subfield code="b">spa</subfield>
    <subfield code="c">DO-SdBJH</subfield>
  </datafield>
  <datafield tag="090" ind1=" " ind2=" ">
    <subfield code="a">TG ANGM</subfield>
    <subfield code="b">02290 2023</subfield>
  </datafield>
  <datafield tag="100" ind1="1" ind2=" ">
    <subfield code="a">Rodr&#xED;guez Fern&#xE1;ndez, Laurys Alexandra</subfield>
    <subfield code="e">sustentante</subfield>
  </datafield>
  <datafield tag="245" ind1="1" ind2="0">
    <subfield code="a">Propuesta para la actualizaci&#xF3;n y reinserci&#xF3;n de la menci&#xF3;n maquinas Navales en la Licenciatura de Ciencias Navales 2024-2028 / </subfield>
    <subfield code="c"> Laurys Alexandra Rodr&#xED;guez Fern&#xE1;ndez, Marena Milagros Garc&#xED;a Vargas, asesores Randy Ezekiel Vegazo Fanith, Gertrudis Perera Rodr&#xED;guez</subfield>
  </datafield>
  <datafield tag="260" ind1=" " ind2=" ">
    <subfield code="a">Santo Domingo Este :</subfield>
    <subfield code="b">INSUDE, </subfield>
    <subfield code="c">2023</subfield>
  </datafield>
  <datafield tag="300" ind1=" " ind2=" ">
    <subfield code="a">xiii, 83 p&#xE1;ginas, cuadro, gr&#xE1;fico</subfield>
  </datafield>
  <datafield tag="502" ind1=" " ind2=" ">
    <subfield code="a">Trabajo de grado (Licenciado en Ciencias Navales). -- Instituto Superior para la Defensa (INSUDE). Academia Naval Marina de Guerra &#x201C;Vicealmirante Cesar D&#x2019;Windt Lavandier&#x201D;, 2023</subfield>
  </datafield>
  <datafield tag="504" ind1=" " ind2=" ">
    <subfield code="a">Incluye referencias bibliogr&#xE1;ficas e &#xED;ndices</subfield>
  </datafield>
  <datafield tag="505" ind1=" " ind2=" ">
    <subfield code="a">Marco legal y situaci&#xF3;n actual de la Educaci&#xF3;n T&#xE9;cnica a nivel superior en la Armada de Rep&#xFA;blica Dominicana. -- Necesidad y pertinencia de reinsertar la menci&#xF3;n maquinas Navales en la Licenciatura de Ciencias Navales de la Academia Naval. -- Propuesta para la actualizaci&#xF3;n y  reinserci&#xF3;n  la menci&#xF3;n maquinas Navales en la Licenciatura de Ciencias Navales para satisfacer las necesidades actuales de la Armada</subfield>
  </datafield>
  <datafield tag="700" ind1="1" ind2=" ">
    <subfield code="a"> Garc&#xED;a Vargas, Marena Milagros</subfield>
    <subfield code="e">sustentante</subfield>
  </datafield>
  <datafield tag="700" ind1="1" ind2=" ">
    <subfield code="a">Vegazo Fanith, Randy Ezekiel </subfield>
    <subfield code="e">asesor</subfield>
  </datafield>
  <datafield tag="700" ind1="1" ind2=" ">
    <subfield code="a">Perera Rodr&#xED;guez, Gertrudis </subfield>
    <subfield code="e">asesor</subfield>
  </datafield>
  <datafield tag="830" ind1=" " ind2=" ">
    <subfield code="a">INSUDE.  Academia Naval Marina de Guerra &#x201C;Vicealmirante Cesar D&#x2019;Windt Lavandier&#x201D;. Tesis y disertaciones acad&#xE9;micas</subfield>
  </datafield>
  <datafield tag="942" ind1=" " ind2=" ">
    <subfield code="2">CL</subfield>
    <subfield code="c">T</subfield>
  </datafield>
  <datafield tag="999" ind1=" " ind2=" ">
    <subfield code="c">8118</subfield>
    <subfield code="d">8118</subfield>
  </datafield>
  <datafield tag="952" ind1=" " ind2=" ">
    <subfield code="0">0</subfield>
    <subfield code="1">0</subfield>
    <subfield code="2">CL</subfield>
    <subfield code="4">0</subfield>
    <subfield code="7">0</subfield>
    <subfield code="8">CG</subfield>
    <subfield code="a">BJHA</subfield>
    <subfield code="b">BJHA</subfield>
    <subfield code="d">2025-03-28</subfield>
    <subfield code="i">23-02290</subfield>
    <subfield code="l">0</subfield>
    <subfield code="o">TG ANGM 02290 2023</subfield>
    <subfield code="p">23-02290</subfield>
    <subfield code="r">2025-03-28 12:57:34</subfield>
    <subfield code="t">e.1</subfield>
    <subfield code="w">2025-03-28</subfield>
    <subfield code="y">T</subfield>
  </datafield>
</record>
